• 首页
  • 本馆介绍
  • 公告通知
  • 最新文献
  • 馆藏检索
  • 电子资源
  • 读者导购
  • 参考咨询
  • 我的图书馆
  • 登录
  • 详细信息显示
  • 放入我的书架
  • 预约/预借图书
  • 作者相关作品
  • 分类相关作品
  • 丛书相关作品
  • 出版社相关作品

书目信息

  • 表格格式
  • 工作单格式
  • 卡片格式
题名:
王阳明心学课
    
 
作者: 白君 著
分册:  
出版信息: 北京   华夏出版社  2014
页数: 303页
开本: 24cm
丛书名:
单 册:
中图分类: B248.2-49
科图分类:
主题词:
电子资源:
ISBN: 978-7-5080-8097-0
000 00825nam0 2200241 45
001 012001001531
005 20140921103355.0
010    @a978-7-5080-8097-0@dCNY35.00
100    @a20150310d2014 em y0chiy50 ea
101 0  @achi
102    @aCN@b110000
105    @ay z 000yy
106    @ar
200 1  @a王阳明心学课@9wang yang ming xin xue ke@f白君著
210    @a北京@c华夏出版社@d2014@h2015印
215    @a303页@d24cm
300    @a人生必修课
330    @a本书分别从处世、立志、治学等诸多角度,阐述了王阳明的思想精髓。内容包括:人人都有一颗圣人之心;人生须立志,立志当高远;以身知为本,知行合一;经得起磨练,耐得住寂寞等十二课。
600  0 @a王守仁@f(1472-1528)@x心学@j通俗读物
690    @aB248.2-49@v5
701  0 @a白君@9bai jun@4著
801  0 @aCN@b上海新华@c20180901
905    @b1151997-2001@dB248.2@e84@f5
    
    王阳明心学课/白君著.-北京:华夏出版社,2014(2015印)
    303页;24cm
    人生必修课
    
    ISBN 978-7-5080-8097-0:CNY35.00
    本书分别从处世、立志、治学等诸多角度,阐述了王阳明的思想精髓。内容包括:人人都有一颗圣人之心;人生须立志,立志当高远;以身知为本,知行合一;经得起磨练,耐得住寂寞等十二课。
●
相关链接 在E读中查询图书 在五车中查询图书 在当当中查询图书 在豆瓣中查询图书


正题名:王阳明心学课     索取号:B248.2/84         预约/预借

序号 登录号 条形码 馆藏地/架位号 状态 备注
1 1151997   211519971   第一样本阅览室/ [索取号:B248.2/84] 在馆    
2 1151998   211519980   第一借阅区/ [索取号:B248.2/84] 在馆    
3 1151999   211519999   第一借阅区/ [索取号:B248.2/84] 在馆    
4 1152000   211520004   第一借阅区/ [索取号:B248.2/84] 在馆    
5 1152001   211520013   第一借阅区/ [索取号:B248.2/84] 在馆    
唐山师范学院图书馆 欢迎您!
大连网信软件有限公司© 版权所有